Normal view MARC view

Entry Personal Name

Number of records used in: 1

001 - CONTROL NUMBER

  • control field: 10567

003 - CONTROL NUMBER IDENTIFIER

  • control field: DLC

005 - DATE AND TIME OF LATEST TRANSACTION

  • control field: 20250530135331.0

008 - FIXED-LENGTH DATA ELEMENTS

  • fixed length control field: 990317n| azannaabn |a aaa

010 ## - LIBRARY OF CONGRESS CONTROL NUMBER

  • LC control number: n 99021617

035 ## - SYSTEM CONTROL NUMBER

  • System control number: (OCoLC)oca04945966

040 ## - CATALOGING SOURCE

  • Original cataloging agency: DLC
  • Language of cataloging: eng
  • Description conventions: rda
  • Transcribing agency: DLC
  • Modifying agency: DLC
  • Modifying agency: IAhCCS
  • Modifying agency: InU

046 ## - SPECIAL CODED DATES

  • Birth date: 1960-06-30
  • Source of date scheme: edtf

100 1# - HEADING--PERSONAL NAME

  • Personal name: Witzel, Morgen

370 ## - ASSOCIATED PLACE

  • Place of birth: Canada
  • Place of residence/headquarters: Devon (England)
  • Source of term: naf

372 ## - FIELD OF ACTIVITY

  • Field of activity: Business
  • Field of activity: History
  • Source of term: lcsh

372 ## - FIELD OF ACTIVITY

  • Field of activity: Detective and mystery fiction
  • Source of term: lcgft

374 ## - OCCUPATION

  • Occupation: Businesspeople
  • Occupation: Historians
  • Occupation: Authors
  • Source of term: lcsh

377 ## - ASSOCIATED LANGUAGE

  • Language code: eng

500 1# - SEE ALSO FROM TRACING--PERSONAL NAME

  • Control subfield: r
  • Relationship information: Alternate identity:
  • Personal name: Graham, R. L.

663 ## - COMPLEX SEE ALSO REFERENCE--NAME

  • Explanatory text: For work of this author written in collaboration with Marilyn Livingstone, search also under:
  • Heading referred to: Graham, R. L.
  • Heading referred to: MacKenzie, A. J. (Novelist)

670 ## - SOURCE DATA FOUND

  • Source citation: IEBM dictionary of business and management, c1999:
  • Information found: t.p. (Morgen Witzel) p. 4 of cover (small business owner & visiting lect., London Business School)

670 ## - SOURCE DATA FOUND

  • Source citation: How to get an MBA, 2001:
  • Information found: CIP t.p. (Morgen Witzel) data sheet (b. 06-30-1960)

670 ## - SOURCE DATA FOUND

  • Source citation: Rae, Ian. Singular and different, 2004:
  • Information found: t.p. (Morgen Witzel) jkt. (writer/lect.; taught Business Methods in China at London Business Sch.; honorary fellow, Sch. of Business and Econ., Exeter U.)

670 ## - SOURCE DATA FOUND

  • Source citation: Graham, R. L. Death on the Lusitania, 2024:
  • Information found: title page (R. L. Graham) about the author (R. L. Graham is a husband and wife team of historians and writers ; originally from Canada, they now live in Devon ; Marilyn Livingstone, one half of R. L. Graham, was diagnosed with pancreatic cancer during the writing of this book and passed away in Sept. 2023)

670 ## - SOURCE DATA FOUND

  • Source citation: Morgen Witzel website, May 10, 2024
  • Information found: (Morgen Witzel, writer, management, historian, teacher ; grew up in rural British Columbia, Canada ; has a B.A. in History and a M.A in Renaissance History from the University of Victoria ; Over 30 years ago Morgen moved with his wife to Britain where he began work as a self-employed researcher, editor and writer ; aught first at London Business School and more recently at the Exeter Business School where he has been a fellow for the past 12 years ; He is a partner, with Marilyn Livingstone, in the publishing services company, Western Writers Block and the consulting and research company, Carucate Research Partnership ; Morgen is a Fellow of the Royal Society of Arts and a Fellow of the Royal Literary Fund ; has been a parish councillor and currently is a trustee of Libraries Unlimited, the non-profit organisation responsible for running Devon's libraries, and a trustee for the Dartmoor Multi-Academy Trust)

Powered by Koha